000 00592nam a2200169 4500
001 120118
003 ES-MaACL
005 20230906191453.0
007 t|
008 070214s1945 ag r ||||1| spa d
110 2 _aIglesia Católica.
_bPapa (1939-1958: Pío XII)
_94666
245 1 0 _aAlocución de Su Santidad Pío XII sobre la democracia (24 de diciembre de 1944) /
_ccon un comentario de Mons. Gustavo J. Franceschi.
260 _aBuenos Aires :
_bDifusión,
_c1945.
300 _a113 p. ;
_c18 cm.
700 1 _aFranceschi, Gustavo J.
_952155
852 _aES-MaACL
_j1868-F-5
_bR.22498
999 _c120118
_d120118